[Event "39th Trusts Chess Open A"]
[Site "Henderson, Auckland NZL"]
[Date "2016.06.05" ]
[Round "3"]
[White "McLaren, Leonard J"]
[Black "Dive, Russell J"]
[Result "1/2-1/2"]
[WhiteElo "2330"]
[BlackElo "2452"]
[PlyCount "0"]
[EventDate "2016.06.04"]
[SourceDate ""]

1. e4 e5 2. Nf3 Nf6 3. Nxe5 d6 4. Nf3 Nxe4 5. Qe2 Qe7 6. d3 Nf6 7. Bg5 Qxe2+ 8.
Bxe2 Be7 9. Nc3 O-O 10. O-O h6 11. Be3 Nc6 12. h3 Re8 13. Rfe1 a6 14. Nd4 Nxd4
15. Bxd4 Be6 16. Bf3 c6 17. a3 Nd7 18. Bg4 Bf6 19. Bxf6 Nxf6 20. Bxe6 Rxe6 21.
Rxe6 fxe6 22. d4 Kf7 23. Re1 g5 24. Ne4 Nxe4 25. Rxe4 Kf6 26. f3 a5 27. b3 Rc8
28. Kf2 c5 29. dxc5 Rxc5 30. Re2 d5 31. a4 h5 32. g3 e5 33. Ke1 Rc3 34. Rf2 Kf5
35. Kd2 d4 36. g4+ hxg4 37. fxg4+ {(=)} Ke4 38. Rf5 Rxh3 39. Rxg5 Rh2+ 40. Kd1
d3 41. cxd3+ Kxd3 42. Rxe5 Rg2 43. Rd5+ Kc3 44. Rxa5 Kxb3 45. Rb5+ Kxa4 46.
Rxb7 Rxg4 47. Kc2 1/2-1/2

[Event "39th Trusts Chess Open A"]
[Site "Henderson, Auckland NZL"]
[Date "2016.06.05" ]
[Round "3"]
[White "Kulashko, Alexei"]
[Black "Noble, Mark F"]
[Result "1-0"]
[WhiteElo "2429"]
[BlackElo "2307"]
[PlyCount "0"]
[EventDate "2016.06.04"]
[SourceDate ""]

1. e4 d5 2. exd5 Nf6 3. Nf3 Nxd5 4. d4 Bf5 5. Nh4 Qd7 6. Nxf5 Qxf5 7. Bd3 Qe6+
8. Be2 Qf6 9. Bf3 Qe6+ 10. Qe2 Qxe2+ 11. Kxe2 c6 12. c4 Nb6 13. b3 g6 14. Be3
Bg7 15. Nc3 Na6 16. Rac1 Rd8 17. Rhd1 Nc7 18. a4 O-O 19. a5 Nc8 20. Na4 e5 21.
dxe5 Bxe5 22. Nc5 Nd6 23. Nd3 Bf6 24. Bxa7 Ne6 25. Kf1 Ra8 26. Bc5 Rfd8 27. Bb6
Re8 28. Nc5 Nxc5 29. Bxc5 Nf5 30. b4 Red8 31. Bb6 Rxd1+ 32. Rxd1 Bc3 33. b5 Ne7
34. Rd7 Nf5 35. bxc6 Re8 36. Rd8 Rxd8 37. Bxd8 bxc6 38. Bxc6 1-0

[Event "39th Trusts Chess Open A"]
[Site "Henderson, Auckland NZL"]
[Date "2016.06.05" ]
[Round "3"]
[White "McNabb, Matthew D"]
[Black "Hague, Ben"]
[Result "0-1"]
[WhiteElo "2187"]
[BlackElo "2428"]
[PlyCount "0"]
[EventDate "2016.06.04"]
[SourceDate ""]

1. Nf3 c5 2. e3 Nc6 3. d4 e6 4. c4 cxd4 5. exd4 Nf6 6. Nc3 d5 7. c5 Ne4 8. Bf4
Be7 9. Bd3 Nxc3 10. bxc3 O-O 11. h4 f5 12. Qe2 Qa5 13. Rc1 Bf6 14. O-O h6 15.
Rfe1 Qd8 16. g3 Bd7 17. Rb1 b6 18. cxb6 axb6 19. Rb2 Re8 20. Ne5 Nxe5 21. Bxe5
Ra3 22. Bxf6 Qxf6 23. Rb3 Rxb3 24. axb3 Ra8 25. Bb5 Bc8 26. Ba4 f4 27. Kg2 Ra5
28. Be8 Qf5 29. gxf4 Qxf4 30. Qf3 Qxf3+ 31. Kxf3 Kf8 32. Bg6 Ra3 33. Bc2 {(=)}
Ra2 34. Rc1 Ke7 35. Kf4 Kf6 36. f3 Bd7 37. c4 Bc6 38. Bd3 Rh2 39. Kg3 Rd2 40.
Rc3 e5 41. dxe5+ Kxe5 42. cxd5 Bxd5 43. Bc4 Kd4 44. Rc1 g5 45. hxg5 hxg5 46.
Bxd5 Kxd5 47. Rc3 Rd1 48. f4 gxf4+ 49. Kxf4 Kd4 50. Rc6 Rf1+ 51. Kg3 b5 52. Rc2
Rb1 53. Kf2 Rxb3 54. Ke2 Rc3 55. Rb2 Kc4 56. Kd2 b4 57. Rc2 Kb3 0-1

[Event "39th Trusts Chess Open A"]
[Site "Henderson, Auckland NZL"]
[Date "2016.06.05" ]
[Round "3"]
[White "Ha, Huy Minh"]
[Black "Smith, Robert W"]
[Result "0-1"]
[WhiteElo "1850"]
[BlackElo "2337"]
[PlyCount "0"]
[EventDate "2016.06.04"]
[SourceDate ""]

1. c4 c5 2. Nf3 g6 3. g3 Bg7 4. Bg2 Nc6 5. O-O e6 6. e4 Nge7 7. d3 O-O 8. Nc3
d6 9. a3 Rb8 10. Be3 Nd4 11. Bxd4 cxd4 12. Nb5 Nc6 13. a4 e5 14. Ne1 a6 15. Na3
Bd7 16. b3 Qa5 17. Nac2 Qc3 18. Qb1 a5 19. Na3 Nb4 20. Nb5 Bxb5 21. axb5 b6 22.
Ra4 Bh6 23. Bf3 f5 24. Be2 Bd2 25. f3 fxe4 26. dxe4 Qe3+ 27. Rf2 Bxe1 28. Qxe1
Nd3 29. Qf1 Nxf2 30. Qxf2 Qxb3 31. Ra1 d3 32. Bd1 Qxc4 33. Rb1 Kg7 34. Bb3 Qc5
35. Bd5 Rxf3 36. Qxc5 dxc5 0-1

[Event "39th Trusts Chess Open A"]
[Site "Henderson, Auckland NZL"]
[Date "2016.06.05" ]
[Round "3"]
[White "Garbett, Paul A"]
[Black "James, Jack"]
[Result "0-1"]
[WhiteElo "2346"]
[BlackElo "2097"]
[PlyCount "0"]
[EventDate "2016.06.04"]
[SourceDate ""]

1. Nf3 Nf6 2. c4 c6 3. d4 d5 4. Qb3 e6 5. g3 Bd6 6. Bg2 Nbd7 7. O-O O-O 8. Nc3
Re8 9. Rd1 Qe7 10. Nh4 dxc4 11. Qxc4 Nb6 12. Qd3 e5 13. Bg5 exd4 14. Bxf6 Qxf6
15. Ne4 Qe7 16. Nxd6 Qxd6 17. Qxd4 Qxd4 18. Rxd4 g5 19. Nf3 g4 20. Nd2 Rxe2 21.
Kf1 Re7 22. Ne4 Kg7 23. b3 f5 24. Nd6 Rb8 25. Rc1 Kf6 26. Rf4 Re5 27. h3 h5 28.
f3 Nd5 29. fxg4 Nxf4 30. gxf4 Ra5 31. g5+ Ke7 32. Nxc8+ Rxc8 33. a4 h4 34. Re1+
Kf7 35. Bf3 Rc7 36. Bh5+ Kg7 37. Re6 Rd5 38. Rg6+ Kh8 39. Be2 b5 40. Bf3 Rd4
41. Bxc6 bxa4 42. bxa4 Rxf4+ 43. Ke2 Rc4 44. Bb5 Rc2+ 45. Ke3 Re7+ 46. Kd3 Rh2
47. Rh6+ Rh7 48. Rf6 Rxh3+ 49. Kd4 Rg3 50. g6 Re7 51. Rxf5 Rxg6 52. Bc4 Rg4+
53. Kd5 h3 54. Kd6 Re3 55. Rf8+ Kh7 56. Rf7+ Kg6 57. Bd5 Rd3 0-1

[Event "39th Trusts Chess Open A"]
[Site "Henderson, Auckland NZL"]
[Date "2016.06.05" ]
[Round "3"]
[White "Thornton, Giovanni A"]
[Black "Bennett, Hilton P"]
[Result "1-0"]
[WhiteElo "2235"]
[BlackElo "2052"]
[PlyCount "0"]
[EventDate "2016.06.04"]
[SourceDate ""]

1. c4 Nf6 2. g3 g6 3. Bg2 Bg7 4. Nf3 O-O 5. O-O d6 6. Nc3 c6 7. d4 Qa5 8. e4
Bg4 9. h3 Bxf3 10. Qxf3 Nfd7 11. Rd1 c5 12. Be3 Nc6 13. dxc5 Nxc5 14. Bd2 Qb4
15. b3 Nd4 16. Qg4 h5 17. Qh4 Bf6 18. Nd5 Bxh4 19. Bxb4 Nc2 20. gxh4 Nxa1 21.
Nxe7+ Kh7 22. Rxa1 Rae8 23. Nd5 f6 24. Bc3 Kg7 25. f3 Nd7 26. Rd1 Rd8 27. Nc7
Nc5 28. b4 Rf7 29. Nb5 Na4 30. Be1 a6 31. Nxd6 Rfd7 32. Bg3 Nc3 33. Rd2 Nb1 34.
Rd3 b5 35. c5 a5 36. c6 Ra7 37. Nf5+ 1-0

[Event "39th Trusts Chess Open A"]
[Site "Henderson, Auckland NZL"]
[Date "2016.06.05" ]
[Round "3"]
[White "Macdonald, Paul"]
[Black "Duneas, John"]
[Result "0-1"]
[WhiteElo "2040"]
[BlackElo "2220"]
[PlyCount "0"]
[EventDate "2016.06.04"]
[SourceDate ""]

1. b3 d5 2. Bb2 Nf6 3. Nf3 Bf5 4. e3 e6 5. Be2 Bd6 6. O-O O-O 7. Nh4 Bg6 8.
Nxg6 hxg6 9. f4 c5 10. Qe1 Nc6 11. c4 d4 12. Bf3 Nb4 13. Na3 e5 14. Nb5 e4 15.
Be2 Nc2 16. Qc1 Nxa1 17. Qxa1 d3 18. Bd1 Be7 19. Nc3 Re8 20. g4 Bf8 21. g5 Nd7
22. Kh1 f5 23. gxf6 Nxf6 24. Rg1 Kh7 25. Bg4 Qd6 26. Qe1 Nxg4 27. Rxg4 Qf6 28.
Ba1 Re6 29. Nd5 Qd8 30. Qg3 Qd7 31. Rh4+ Kg8 32. f5 gxf5 33. Qh3 Rg6 34. Rh8+
Kf7 35. Rh5 Bd6 36. Rxf5+ Kg8 37. Nf4 Bxf4 38. Rf8+ Rxf8 39. Qxd7 Be5 40. Qh3
Bxa1 0-1

[Event "39th Trusts Chess Open A"]
[Site "Henderson, Auckland NZL"]
[Date "2016.06.05" ]
[Round "3"]
[White "Gong, Daniel Hanwen"]
[Black "Lim, Benjamin U"]
[Result "1-0"]
[WhiteElo "2218"]
[BlackElo "2037"]
[PlyCount "0"]
[EventDate "2016.06.04"]
[SourceDate ""]

1. c4 c5 2. Nc3 Nf6 3. e4 d6 4. f4 Nc6 5. d3 g6 6. h3 Nh5 7. Nge2 e5 8. g3 exf4
9. Bxf4 Nxf4 10. Nxf4 Bg7 11. Qd2 O-O 12. O-O-O Qa5 13. Nfd5 Be6 14. Kb1 Nb4
15. a3 Nxd5 16. Nxd5 Qd8 17. Nf4 Bd7 18. h4 h5 19. Be2 b5 20. g4 bxc4 21. dxc4
Rb8 22. Nd3 Bc6 23. Qf4 Qf6 24. Qxf6 Bxf6 25. Rhf1 Kg7 26. gxh5 gxh5 27. e5
Bxe5 28. Nxe5 dxe5 29. Rg1+ Kh7 30. Rg5 Be4+ 31. Kc1 Bg6 32. Bxh5 Rbe8 33. Rd5
e4 34. Rxc5 Re7 35. Rce5 Rxe5 36. Bxg6+ fxg6 37. Rxe5 Rf4 38. c5 Kg7 39. c6 Rf6
40. Rc5 Rf8 41. Kd2 Kf6 42. Ke3 Ke6 43. Kxe4 Kd6 44. b4 Kc7 45. Rg5 Rh8 46.
Rxg6 Rxh4+ 47. Kd5 Rh3 48. Rg7+ Kb6 49. Rb7+ Ka6 50. b5+ Ka5 51. c7 Rh5+ 52.
Kd6 Rh6+ 53. Ke7 Rh7+ 54. Kf6 1-0

[Event "39th Trusts Chess Open A"]
[Site "Henderson, Auckland NZL"]
[Date "2016.06.05" ]
[Round "3"]
[White "Vincenti, David"]
[Black "Runcan, Daniel I"]
[Result "1-0"]
[WhiteElo "2180"]
[BlackElo "2004"]
[PlyCount "0"]
[EventDate "2016.06.04"]
[SourceDate ""]

1. d4 Nf6 2. c4 c5 3. d5 b5 4. Qc2 bxc4 5. e4 g6 6. Bxc4 d6 7. Nf3 Bg7 8. Nc3
O-O 9. O-O Ba6 10. Nb5 Ne8 11. Bd2 Qb6 12. a4 Nc7 13. Nxc7 Qxc7 14. Rab1 Bxc4
15. Qxc4 a5 16. Bc3 Nd7 17. Bxg7 Kxg7 18. Qc3+ Kg8 19. Nd2 Rab8 20. f4 Rb4 21.
b3 Rfb8 22. Rbe1 Nb6 23. f5 Nd7 24. fxg6 hxg6 25. Re3 Ne5 26. Rh3 c4 27. bxc4
Qc5+ 28. Kh1 Rxa4 29. Qg3 Qd4 30. Qh4 Nxc4 31. Qh7+ Kf8 32. Qxf7# 1-0

[Event "39th Trusts Chess Open A"]
[Site "Henderson, Auckland NZL"]
[Date "2016.06.05" ]
[Round "3"]
[White "Sarmiento, Noel"]
[Black "Timergazi, Layla"]
[Result "1-0"]
[WhiteElo "1922"]
[BlackElo "2152"]
[PlyCount "0"]
[EventDate "2016.06.04"]
[SourceDate ""]

1. c4 Nf6 2. Nc3 g6 3. g3 Bg7 4. Bg2 O-O 5. Nf3 d6 6. O-O e5 7. e4 Nc6 8. h3
Nd7 9. d3 Nc5 10. Nd5 a5 11. a3 a4 12. Bg5 f6 13. Be3 Nb3 14. Rb1 Bd7 15. Kh2
f5 16. exf5 gxf5 17. Bg5 Qc8 18. Ne7+ Nxe7 19. Bxe7 Re8 20. Bg5 e4 21. Ng1 d5
22. cxd5 Bb5 23. dxe4 Bxf1 24. Qxf1 fxe4 25. Qc4 Qf5 26. Be3 Kh8 27. Ne2 Nd2
28. Bxd2 e3 29. Bxe3 Qxb1 30. Bd4 Qg6 31. Nf4 Qf5 32. Ne6 Rxe6 33. dxe6 c6 34.
h4 Re8 35. Bh3 Qd5 36. Bxg7+ Kxg7 37. Qg4+ Kh8 38. Qf4 Qh5 39. Qf6+ Kg8 40. e7
1-0

[Event "39th Trusts Chess Open A"]
[Site "Henderson, Auckland NZL"]
[Date "2016.06.05" ]
[Round "3"]
[White "Li, William Xiang Wei"]
[Black "Marko, Helmut S"]
[Result "1-0"]
[WhiteElo "2149"]
[BlackElo "1993"]
[PlyCount "0"]
[EventDate "2016.06.04"]
[SourceDate ""]

1. e4 c5 2. Nc3 Nc6 3. Nf3 g6 4. d4 cxd4 5. Nxd4 Bg7 6. Be3 d6 7. Qd2 Nf6 8. f3
O-O 9. Bc4 Bd7 10. O-O-O a6 11. Bb3 Rc8 12. h4 Na5 13. Bh6 Nxb3+ 14. Nxb3 Be6
15. Bxg7 Kxg7 16. h5 Bxb3 17. axb3 Qa5 18. Kb1 g5 19. Nd5 Qxd2 20. Rxd2 Nxd5
21. Rxd5 f6 22. c4 Rc7 23. Kc2 Rfc8 24. Kd3 Rc5 25. Rc1 Kf7 26. b4 Rxd5+ 27.
exd5 e6 28. Kd4 f5 29. dxe6+ Kxe6 30. Re1+ Kf6 31. Kd5 f4 32. Re6+ Kf7 33. Rxd6
Rc7 34. c5 Re7 35. Rb6 Ke8 36. Re6 Kd7 37. Rxe7+ Kxe7 38. c6 b6 39. Ke5 h6 40.
Kf5 Kd6 41. c7 Kxc7 42. Kg6 Kc6 43. Kxh6 Kb5 44. Kxg5 Kxb4 45. h6 b5 46. h7 a5
47. h8=Q Ka4 48. Kxf4 b4 49. Ke4 Kb3 50. g4 a4 51. g5 Ka2 52. g6 1-0

[Event "39th Trusts Chess Open A"]
[Site "Henderson, Auckland NZL"]
[Date "2016.06.05" ]
[Round "3"]
[White "Forster, William"]
[Black "Wright, Caleb"]
[Result "1-0"]
[WhiteElo "2075"]
[BlackElo "1982"]
[PlyCount "0"]
[EventDate "2016.06.04"]
[SourceDate ""]

1. d4 d5 2. c4 e6 3. Nc3 Be7 4. Bf4 Nf6 5. e3 O-O 6. cxd5 exd5 7. Bd3 Bg4 8.
Nge2 c6 9. f3 Bh5 10. g4 Bg6 11. h4 Nbd7 12. h5 Bxd3 13. Qxd3 Nb6 14. O-O-O
Nfd7 15. Rdg1 c5 16. g5 f5 17. gxf6 Nxf6 18. h6 Rf7 19. hxg7 Nc4 20. Be5 Nxe5
21. dxe5 c4 22. Qc2 1-0

[Event "39th Trusts Chess Open A"]
[Site "Henderson, Auckland NZL"]
[Date "2016.06.05" ]
[Round "3"]
[White "Gilmour, Mark"]
[Black "Goodhue, Nathan"]
[Result "0-1"]
[WhiteElo "1850"]
[BlackElo "2074"]
[PlyCount "0"]
[EventDate "2016.06.04"]
[SourceDate ""]

1. d4 f5 2. c4 e6 3. g3 d5 4. Bg2 c6 5. Nh3 Nf6 6. O-O Bd6 7. c5 Bc7 8. Bf4 O-O
9. Nd2 e5 10. Bxe5 Bxe5 11. dxe5 Nfd7 12. Nf4 Nxc5 13. Nb3 Nba6 14. Nd3 Nxd3
15. exd3 f4 16. d4 Be6 17. f3 fxg3 18. hxg3 Qg5 19. Qe1 Bf5 20. f4 Qg6 21. Rf3
Be4 22. Re3 Bxg2 23. Kxg2 Rxf4 24. Qd2 Rf7 25. Rae1 Qe6 26. a3 Raf8 27. Qc2 Rf5
28. Nc1 Rh5 29. g4 Qxg4+ 30. Rg3 Qh4 0-1

[Event "39th Trusts Chess Open A"]
[Site "Henderson, Auckland NZL"]
[Date "2016.06.05" ]
[Round "3"]
[White "Zhang, Jasmine Haomo"]
[Black "Fan, Allen Chi Zhou"]
[Result "1-0"]
[WhiteElo "1859"]
[BlackElo "2047"]
[PlyCount "0"]
[EventDate "2016.06.04"]
[SourceDate ""]

1. d4 Nf6 2. c4 g6 3. Nc3 Bg7 4. e4 d6 5. f3 Nbd7 6. Be3 a6 7. Qd2 c6 8. Bd3 b5
9. a3 Bb7 10. Nge2 O-O 11. O-O e5 12. d5 cxd5 13. cxd5 Ne8 14. Rac1 Rc8 15. Na2
Nc5 16. Rc3 f5 17. Rfc1 Nxd3 18. Rxc8 Bxc8 19. Qxd3 f4 20. Bf2 g5 21. Nb4 Nf6
22. Nc6 Qe8 23. h3 h5 24. Kf1 g4 25. hxg4 hxg4 26. Ke1 Kf7 27. Kd2 Rh8 28. Bb6
Bd7 29. Bc7 Bf8 30. Nb8 Bc8 31. Qc3 Nd7 32. Nc6 Rh2 33. fxg4 Nf6 34. Qd3 Bxg4
35. Re1 Rxg2 36. Kc1 f3 37. Nc3 Nh5 38. Bb6 Ng3 39. Nd1 Bh6+ 40. Kb1 Rd2 41.
Qb3 Re2 42. Rg1 Nxe4 43. Qd3 Bf5 44. Ka1 Rg2 45. Qxf3 Rxg1 46. Qxf5+ Kg7 47.
Bxg1 Nf6 48. Qd3 Qh5 49. Nc3 Bf4 50. Ka2 Qh1 51. Bb6 Qg2 52. Bd8 Ng4 53. Qf5
Ne3 54. Qd7+ Kg6 55. Qxd6+ Kh5 56. Qf8 Kg4 57. Qg7+ Kf3 58. Qxg2+ Nxg2 59. Bc7
e4 60. Bxf4 Nxf4 61. d6 e3 62. d7 Ne6 63. d8=Q Nxd8 64. Nxd8 a5 65. Nc6 1-0

[Event "39th Trusts Chess Open A"]
[Site "Henderson, Auckland NZL"]
[Date "2016.06.05" ]
[Round "3"]
[White "Lyall, Simon"]
[Black "Shen, Terry"]
[Result "0-1"]
[WhiteElo "1988"]
[BlackElo "1813"]
[PlyCount "0"]
[EventDate "2016.06.04"]
[SourceDate ""]

1. e4 c5 2. c3 e6 3. d4 d5 4. e5 a6 5. Nf3 Nc6 6. Bd3 b5 7. a3 Qb6 8. Bc2 Bb7
9. b4 cxb4 10. cxb4 g6 11. Bb2 h5 12. h4 Nh6 13. O-O Nf5 14. Bxf5 gxf5 15. Ng5
Be7 16. Qd2 a5 17. bxa5 Nxa5 18. Qd1 Nc4 19. Bc1 b4 20. a4 Bc6 21. Be3 Nb2 22.
Qb3 Nxa4 23. Rc1 Kd7 24. Nf3 Bb5 25. Nbd2 Nc3 26. Re1 f4 27. Rxa8 Rxa8 28. Bxf4
Ne2+ 29. Rxe2 Bxe2 30. Qe3 Bxf3 31. Qxf3 Qxd4 0-1